| 000 | 00438nam a2200157Ia 4500 | ||
|---|---|---|---|
| 008 | 230312s9999||||xx |||||||||||||| ||und|| | ||
| 020 | _a0-397-55150-9 | ||
| 082 |
_a616.7062 _bHER-M |
||
| 100 | _aHertling;Darlene | ||
| 245 | 0 | _aMangement of Common Musculoskeletal Disorders | |
| 260 |
_bLipponcott _aUSA _c1996 |
||
| 300 | _a795 | ||
| 546 | _aEng. | ||
| 650 |
_aPhysiotherapy _vMangement of Common Musculoskeletal Disorders |
||
| 942 | _cBK | ||
| 999 |
_c8101 _d8101 |
||